Higher Engineering Mathematics / Second Edition (Record no. 5048)
[ view plain ]
| 000 -LEADER | |
|---|---|
| fixed length control field | 01400cam a22002054a 4500 |
| 005 - ΗΜΕΡΟΜΗΝΙΑ ΚΑΙ ΩΡΑ ΤΕΛΕΥΤΑΙΑΣ ΕΝΗΜΕΡΩΣΗΣ | |
| Πεδίο ελέγχου | 20250605164203.0 |
| 008 - FIXED-LENGTH DATA ELEMENTS--GENERAL INFORMATION | |
| Πεδίο ελέγχου σταθερού μήκους | 250528s ||||||||||||||||||||||||d |
| 035 ## - SYSTEM CONTROL NUMBER | |
| System control number | 19796 |
| 020 ## - ISBN | |
| ISBN | 750626275 |
| 040 ## - ΠΗΓΗ ΚΑΤΑΛΟΓΟΓΡΑΦΗΣΗΣ | |
| Φορέας πρωτότυπης καταλογογράφησης | MC Athens Campus Library |
| Γλώσσα καταλογογράφησης | Ελληνικά, Μοντέρνα (1453-) |
| Modifying agency | MC Athens Campus Library |
| Κανόνες περιγραφικής καταλογογράφησης | AACR2 |
| 245 1# - ΤΙΤΛΟΣ ΚΑΙ ΔΗΛΩΣΗ ΥΠΕΥΘΥΝΟΤΗΤΑΣ | |
| Τίτλος | Higher Engineering Mathematics / Second Edition |
| 250 ## - EDITION STATEMENT | |
| Edition statement | 2nd |
| 260 ## - PUBLICATION, DISTRIBUTION, ETC. | |
| Name of publisher, distributor, etc. | Newnes, |
| Date of publication, distribution, etc. | 1995 |
| 300 ## - PHYSICAL DESCRIPTION | |
| Extent | 438 |
| 520 ## - SUMMARY, ETC. | |
| Summary, etc. | This book deals with the mathematical concepts and skills that are essential to Engineering studies. Includes 500+ worked examples 800+ problems. Preface, Methods of Differentiation, Solving Equations by Iterative Methods, The Solution of Simultaneous Equations Using Determinants, Hyperbolic Functions, Complex Numbers, De Moivre' s Theorem, Maclaurin's Series, Triple Products of Vectors, Differentiation of Implicit Functions, Logarithmic Differentiation, Partial Differentiation, Revision of Integration, Integration by Parts, Numerical Integration, Homogeneous First Order Differential Equations, Linear First Order Differential Equations, Fourier Series for Periodic Functions of Period 2π, Even and Odd Functions and Half-Range Series, Four Series Over any Range, Introduction to Laplace Transforms, The Binomial and Poisson Distributions, The Normal Distribution, Linear Correlation, Linear Regression, Index. |
| 700 1# - ΠΡΟΣΘΕΤΗ ΑΝΑΓΡΑΦΗ--ΦΥΣΙΚΟ ΠΡΟΣΩΠΟ | |
| Personal name | Bird J.O. |
| 9 (RLIN) | 5984 |
| 942 ## - ADDED ENTRY ELEMENTS (KOHA) | |
| Koha item type | Books |
| Τύπος τεκμηρίου | Βιβλιοθήκη | Τρέχουσα τοποθεσία | Barcode | Αριθμός εισαγωγής | Ημερομηνία απόκτησης | Ταξιθετικό σύμβολο | Αριθμός αντιτύπου | Κατάσταση απόσυρσης | Κατάσταση χαμένου | Κατάσταση κατεστραμμένου | Μη δανεισμός | Σύνολο δανεισμών | Ημερομηνία τελευταίας εμφάνισης | Η τιμή ισχύει από |
|---|---|---|---|---|---|---|---|---|---|---|---|---|---|---|
| Books | MC Athens Campus Library | MC Athens Campus Library | 9780000050472 | 5890 | 05/06/2025 | 510.2462 BIR | 1 | 05/06/2025 | 05/06/2025 |